Normal view
MARC view
- Telecommunication Engineering
Entry Topical Term
001 - CONTROL NUMBER
- control field: 99193
003 - CONTROL NUMBER IDENTIFIER
- control field: NUST
005 - DATE AND TIME OF LATEST TRANSACTION
- control field: 20221006092238.0
008 - FIXED-LENGTH DATA ELEMENTS
- fixed length control field: 221006|| aca||aabn | a|a d
040 ## - CATALOGING SOURCE
- Original cataloging agency: NUST
- Transcribing agency: NUST
150 ## - HEADING--TOPICAL TERM
- Topical term or geographic name entry element: Telecommunication Engineering
670 ## - SOURCE DATA FOUND
- Source citation: Work cat.: (NUST)175889: Truemper, K., 99192, Design of logic-based intelligent systems /, 2004.
